000 00837cam a2200313 a 4500
001 14388
003 OSt
005 20140908151808.0
008 070418s2007 pe 000 f spa c
020 _a9789972291517
020 _a9972291510
035 _a(OCoLC)ocn143882493
035 _a(OCoLC)143882493
035 _a(NNC)6339858
040 _aCOO
_cCOO
_dDLC
042 _apcc
050 0 0 _aPQ8498.413.A882
_bA76 2007
082 0 0 _a301
_222
100 1 _aCastillo, Max
_q(Castillo RodrĂ­guez)
245 1 0 _aAngeles quebrados /
_cMax Castillo.
250 _a1. ed.
260 _aLa Victoria, Lima, PerĂș :
_bHipocampo Editores,
_c2007.
300 _a90 p. ;
_c18 cm.
490 1 _aSerie Cavalts armats ;
_v1
830 0 _aSerie Cavalts armats ;
_v1.
942 _2ddc
_cBK
948 1 _a20071119
_bc
_cas2107
_dMPS
999 _c76
_d76